000 01266nam a2200337 a 4500
003 BLK
005 20250208123048.0
008 221208b bul|||||r ||||||| ||bul||
020 _a9786191868025
040 _aBLK
041 _aBUL
_cBUL
080 _aАнглийска литература
_b821.111
_x-93-34
_z821.111-93-34
100 _aМаккий, Дейвид
_eпърви автор
_91299
139 _aМаккий, Дейвид
_bМ 19
245 1 0 _aЕлмър на кокили
_cтекст и ил. Дейвид Маккий; прев. Манол Пейков.
257 _aGBR
260 _aПловдив
_bЖанет 45
_c2022
300 _a32 с.
_bс цв. ил.
_c28 см
380 _aDX
500 _aБез сведение за ориг. загл.
653 _aприказки
653 _aлитература за деца
653 _aдетска литература
700 1 _aМаккий, Дейвид
_eтекст и ил.
_9336412
700 1 _aПейков, Манол Костадинов
_eпрев.
_9382564
852 _aЦб ІІ 31976
_bЦб
856 4 _qpdf
_i0.00
_ldisable
856 4 _qpdf
_i0.00
_ldisable
942 _cKNG
_n0
_s1
_08
944 _aED
_c2023-07-11
_k30542
_lРусанова Ирена
999 _c485401
_d485401